Major League Baseball's Top Ten Center Fielders - Statistics

General Stats
  • This quiz has been taken 268 times
  • The average score is 7 of 10
Answer Stats
Team Answer % Correct
Angels Mike Trout
96%
Giants Willie Mays
94%
Mariners Ken Griffey Jr.
91%
Yankees Micky Mantle
91%
Tigers Ty Cobb
82%
Yankees Joe Dimaggio
77%
Dodgers Duke Snider
55%
Indians Tris Speaker
40%
Stars Cool Papa Bell
21%
ABC's Oscar Charleston
12%
No matching quizzes found
Score Distribution
Percent of People with Each Score
Percentile by Number Answered
Your Score History
You have not taken this quiz